000 00450nam a2200181Ia 4500
001 23093
005 20260414150914.0
008 260414t2013||||xx |||||||||||||| ||spa||
041 _aESP
082 _a624.1834
_bM84
100 _aMontejo Fonseca, Alfonso,
_eAUT
245 0 _aTecnología y patología del concreto armado
_b
260 _c2013
300 _a540 páginas :
_c24 cm.
650 _a0
654 _aCIC
942 _cLIB
_dJUS
_fJUS
_2ddc
_n
999 _c23093
_d23093